000
00298nam a22001217a 4500
020
_a
0852970676
082
_a
332.1 BAN
245
_a
THE BANKS AND TECHNOLOGY IN THE 1980's
260
_a
LONDON
_b
THE INSTITUTE OF BANKERS
300
_a
125p.
_b
ill,;14cm
650
_a
Cambridge Seminar
942
_c
BK
999
_c
15380
_d
15380